000 nam a22 7a 4500
999 _c7880
_d7880
008 171107b xxu||||| |||| 00| 0 eng d
100 _aVanaik.A.K.etal.
_94351
245 _aPlaying Fields Manual
260 _aNew Delhi
_bFriends
_c2005